[Event "Vrsar Spring op"]
[Site "Vrsar"]
[Date "2024.04.01"]
[Round "5"]
[White "Ghersinich, Enrico"]
[Black "Crepan, Marjan"]
[Result "1/2-1/2"]
[WhiteElo "2220"]
[BlackElo "2223"]
[PlyCount "148"]
[EventDate "2024.04.01"]
[EventType "swiss"]
[EventRounds "9"]
[EventCountry "CRO"]
[SourceTitle "CB16_2024"]
[SourceDate "2024.04.17"]
[SourceVersion "1"]
[SourceVersionDate "2024.04.17"]
[SourceQuality "1"]

1. d4 d5 2. Nf3 Nf6 3. Bf4 c6 4. e3 Bf5 5. c4 dxc4 6. Bxc4 e6 7. 0-0 Nbd7 8. Nc3 Be7 9. h3 h6 10. Qe2 0-0 11. e4 Bh7 12. Rfd1 Re8 13. d5 exd5 14. exd5 Bd6 15. Qd2 Qc7 16. Bxd6 Qxd6 17. dxc6 Qxd2 18. Rxd2 bxc6 19. Rad1 Nb6 20. Ba6 Ne4 21. Nxe4 Bxe4 22. Nd4 Rab8 23. b3 Nd7 24. Rc1 Ne5 25. Re1 Bg6 26. Rde2 Red8 27. Rxe5 Rxd4 28. Bc4 Rb7 29. Re8+ Kh7 30. Rf8 Rdd7 31. h4 Bd3 32. h5 Bxc4 33. Ree8 g6 34. bxc4 Kg7 35. Rh8 Rd4 36. g3 Rxc4 37. Reg8+ Kf6 38. Rxh6 Rg4 39. Kg2 Rg5 40. hxg6 Rxg6 41. Rhxg6+ fxg6 42. Rc8 Rb6 43. Rc7 Ra6 44. Kh3 Rxa2 45. Rxc6+ Kg7 46. f4 Ra3 47. Kh4 Ra5 48. g4 Ra4 49. Rc7+ Kf6 50. g5+ Ke6 51. Kg4 Ra1 52. Rg7 Rg1+ 53. Kf3 Rf1+ 54. Kg3 Kf5 55. Rf7+ Ke4 56. Re7+ Kd4 57. Rxa7 Rg1+ 58. Kf2 Rb1 59. Re7 Kd5 60. Kg2 Rb3 61. Re5+ Kd6 62. Kf2 Ra3 63. Re3 Ra1 64. Re8 Kd5 65. Re7 Ra3 66. Re5+ Kd6 67. Rb5 Ke6 68. Rb7 Kf5 69. Rf7+ Kg4 70. Ke2 Rf3 71. Rf6 Rxf4 72. Rxg6 Rf5 73. Ke3 Re5+ 74. Kd4 Rxg5 1/2-1/2

[Event "Vrsar Spring op"]
[Site "Vrsar"]
[Date "2024.04.01"]
[Round "2"]
[White "Mrkaljevic, Jakub"]
[Black "Ghersinich, Enrico"]
[Result "0-1"]
[WhiteElo "1959"]
[BlackElo "2220"]
[PlyCount "87"]
[EventDate "2024.04.01"]
[EventType "swiss"]
[EventRounds "9"]
[EventCountry "CRO"]
[SourceTitle "CB16_2024"]
[SourceDate "2024.04.17"]
[SourceVersion "1"]
[SourceVersionDate "2024.04.17"]
[SourceQuality "1"]

1. d4 Nf6 2. Nf3 d5 3. g3 Bf5 4. Bg2 h6 5. c4 c6 6. c5 b6 7. Qb3 Nbd7 8. cxb6 axb6 9. Nc3 e6 10. 0-0 Be7 11. Bf4 0-0 12. h3 c5 13. Nb5 Ra5 14. a4 Ne4 15. Qd1 g5 16. Bd2 Ra8 17. b3 Bf6 18. e3 Nb8 19. Ne5 Bxe5 20. dxe5 Nc6 21. g4 Nxd2 22. Qxd2 Bg6 23. f4 f5 24. Rad1 Nb4 25. Qc3 Qe7 26. Nd6 Ra7 27. Rd2 gxf4 28. Rxf4 fxg4 29. Rxg4 Kh7 30. e4 h5 31. Rg3 d4 32. Qc4 Qh4 33. Rf2 Rxf2 34. Kxf2 Rg7 35. Kf3 Qe7 36. Bf1 Nc6 37. Nf5 exf5 38. Qd5 Nxe5+ 39. Ke2 fxe4 40. Bg2 h4 41. Rxg6 Nxg6 42. Bxe4 Kh6 43. Qc6 Qxe4+ 44. Kf2 0-1

[Event "Hum na Sutli op 14th"]
[Site "Hum na Sutli"]
[Date "2022.08.25"]
[Round "8"]
[White "Ghersinich, Enrico"]
[Black "Novak, Ivo"]
[Result "1-0"]
[WhiteElo "2177"]
[BlackElo "1930"]
[PlyCount "65"]
[EventDate "2022.08.20"]
[EventType "swiss"]
[EventRounds "9"]
[EventCountry "CRO"]
[SourceTitle "CBM 210 Extra"]
[Source "ChessBase"]
[SourceDate "2022.11.30"]
[SourceVersion "1"]
[SourceVersionDate "2022.11.30"]
[SourceQuality "1"]

1. d4 Nf6 2. c4 g6 3. Nc3 Bg7 4. e4 d6 5. Be2 0-0 6. Be3 c5 7. e5 dxe5 8. dxe5 Nfd7 9. f4 Nc6 10. Nf3 f6 11. exf6 exf6 12. Qd5+ Kh8 13. 0-0 Qe7 14. Bf2 Nb4 15. Qd2 Nb6 16. Nd5 N4xd5 17. cxd5 Rd8 18. Rae1 Rxd5 19. Bb5 Qd8 20. Qc1 Bd7 21. Be2 Qc7 22. Bd1 Bb5 23. Be2 c4 24. Nd4 Bd7 25. Bf3 Rd6 26. f5 Rd8 27. Re7 Qc8 28. Qf4 Bc6 29. Bxc6 bxc6 30. Ne6 R6d7 31. Rxg7 Rxg7 32. Nxg7 Nd5 33. Qh6 1-0

[Event "Hum na Sutli op 14th"]
[Site "Hum na Sutli"]
[Date "2022.08.24"]
[Round "7"]
[White "Slobodjanac, Sinisa"]
[Black "Ghersinich, Enrico"]
[Result "0-1"]
[WhiteElo "1879"]
[BlackElo "2177"]
[PlyCount "64"]
[EventDate "2022.08.20"]
[EventType "swiss"]
[EventRounds "9"]
[EventCountry "CRO"]
[SourceTitle "CBM 210 Extra"]
[Source "ChessBase"]
[SourceDate "2022.11.30"]
[SourceVersion "1"]
[SourceVersionDate "2022.11.30"]
[SourceQuality "1"]

1. b4 d5 2. Bb2 Nf6 3. e3 Bf5 4. c4 e6 5. a3 c6 6. Nf3 h6 7. Nc3 Be7 8. b5 0-0 9. Qb3 Nbd7 10. d4 Qa5 11. Nd2 Rfc8 12. Qa2 cxb5 13. Nb3 Qb6 14. c5 Qd8 15. Bxb5 b6 16. Ba6 Rc7 17. Nb5 bxc5 18. Nxc7 Qxc7 19. dxc5 Nxc5 20. Rc1 Qb6 21. Nxc5 Bxc5 22. 0-0 Ne4 23. Rxc5 Nxc5 24. Bd4 Qxa6 25. Bxc5 Rc8 26. Bd4 f6 27. Qb3 Kh7 28. Qb4 e5 29. Bb2 Rc4 30. Qf8 Bg6 31. h3 Rc2 32. Qb4 Qe2 0-1

[Event "Hum na Sutli op 14th"]
[Site "Hum na Sutli"]
[Date "2022.08.22"]
[Round "5"]
[White "Kolednjak, Tomislav"]
[Black "Ghersinich, Enrico"]
[Result "1-0"]
[WhiteElo "1960"]
[BlackElo "2177"]
[PlyCount "145"]
[EventDate "2022.08.20"]
[EventType "swiss"]
[EventRounds "9"]
[EventCountry "CRO"]
[SourceTitle "CBM 210 Extra"]
[Source "ChessBase"]
[SourceDate "2022.11.30"]
[SourceVersion "1"]
[SourceVersionDate "2022.11.30"]
[SourceQuality "1"]

1. e4 c6 2. c4 d5 3. exd5 cxd5 4. cxd5 Nf6 5. Nc3 Nxd5 6. Nf3 g6 7. Qb3 Nb6 8. Bb5+ N8d7 9. Ne5 e6 10. d4 Bg7 11. 0-0 0-0 12. Bf4 a6 13. Be2 Nf6 14. Rfd1 Nbd5 15. Bg5 Qa5 16. Nc4 Qc7 17. Nxd5 Nxd5 18. Rac1 b5 19. Ne3 Qd6 20. Nxd5 exd5 21. Bf3 Be6 22. Be3 f5 23. g3 Kh8 24. Bf4 Qb6 25. Bxd5 Bxd5 26. Qxd5 Rad8 27. Qc5 Qe6 28. Be5 Qxa2 29. Bxg7+ Kxg7 30. Qe5+ Kg8 31. Rc7 Rf7 32. d5 Qa4 33. Rd2 Qe4 34. Qxe4 fxe4 35. d6 Rfd7 36. Rc6 a5 37. Ra6 b4 38. Rd4 Kf7 39. Rxe4 Rxd6 40. Rxa5 Rd4 41. Rxd4 Rxd4 42. Rb5 Ke6 43. Kf1 Kd6 44. Ke2 Kc6 45. Ke3 Rc4 46. Rb8 Kd5 47. Rb5+ Kc6 48. Rb8 Kd5 49. f3 h5 50. h4 Ke5 51. Rb5+ Ke6 52. Kd3 Rc1 53. Rxb4 Rg1 54. g4 Rh1 55. gxh5 gxh5 56. Ke3 Rh2 57. b3 Kd6 58. Rf4 Ke5 59. Rb4 Kd6 60. Rd4+ Ke5 61. Re4+ Kd6 62. Kd4 Rb2 63. Kc4 Rc2+ 64. Kb5 Rc3 65. b4 Rxf3 66. Rd4+ Ke6 67. Rc4 Kf5 68. Kc6 Rg3 69. b5 Rg4 70. Rc5+ Kg6 71. b6 Rxh4 72. b7 Rb4 73. Rb5 1-0

[Event "CRO-chT2 Qual 1B Liga"]
[Site "Trogir"]
[Date "2021.11.20"]
[Round "2.2"]
[White "Ghersinich, Enrico"]
[Black "Dutina, Dario"]
[Result "1-0"]
[WhiteElo "2167"]
[BlackElo "2218"]
[PlyCount "67"]
[EventDate "2021.11.19"]
[EventType "team-tourn"]
[EventRounds "3"]
[EventCountry "CRO"]
[SourceTitle "EXT 2023"]
[Source "ChessBase"]
[SourceDate "2022.10.05"]
[SourceVersion "1"]
[SourceVersionDate "2022.10.05"]
[SourceQuality "1"]
[WhiteTeam "Porec Gortan"]
[BlackTeam "Nasice Slavonac"]
[WhiteTeamCountry "CRO"]
[BlackTeamCountry "CRO"]

1. e4 d6 2. d4 Nf6 3. Nc3 Nbd7 4. f4 e5 5. Nf3 Be7 6. fxe5 dxe5 7. dxe5 Ng4 8. Bf4 g5 9. Nxg5 Ngxe5 10. Qh5 Nf6 11. Qd1 Ng6 12. Qxd8+ Bxd8 13. Bd2 0-0 14. Bc4 c6 15. a4 h6 16. Nf3 Re8 17. 0-0 Kg7 18. Rae1 Be6 19. Bd3 Ng4 20. Nd1 Bf6 21. Kh1 Rad8 22. h3 N4e5 23. Nxe5 Nxe5 24. Bc3 Bc8 25. Ne3 Bh4 26. g3 Bg5 27. Nc4 Bxh3 28. Nxe5 Bxf1 29. Rxf1 f6 30. Nf3 Rd6 31. e5 Rd5 32. Nxg5 fxg5 33. e6+ Kg8 34. Bg6 1-0

[Event "Titled Tuesday intern op 21st Sept"]
[Site "Chess.com INT"]
[Date "2021.09.21"]
[Round "6"]
[White "Ghersinich, Enrico"]
[Black "Mikhalsky, Vladimir"]
[Result "1-0"]
[WhiteElo "2171"]
[BlackElo "2269"]
[PlyCount "91"]
[EventDate "2021.09.21"]
[EventType "swiss (blitz)"]
[EventRounds "9"]
[EventCountry "USA"]
[SourceTitle "EXT 2022"]
[Source "ChessBase"]
[SourceDate "2021.10.06"]
[SourceVersion "1"]
[SourceVersionDate "2021.10.06"]
[SourceQuality "1"]

1. d4 g6 2. c4 Bg7 3. Nc3 Nf6 4. e4 0-0 5. Be2 d6 6. Be3 e5 7. d5 a5 8. g4 Na6 9. h4 Nc5 10. f3 h5 11. g5 Ne8 12. Nh3 Bxh3 13. Rxh3 Qd7 14. Rh2 a4 15. Qd2 a3 16. b3 b6 17. Kf2 f5 18. Bxc5 dxc5 19. Kg2 Nd6 20. Bd3 Rf7 21. Re1 Raf8 22. Rh3 fxe4 23. Bxe4 Nf5 24. d6 Kh7 25. Bxf5 gxf5 26. g6+ Kxg6 27. Qg5+ Kh7 28. Qxh5+ Bh6 29. Rg3 Qxd6 30. Rd1 Qc6 31. Nd5 Rg7 32. Rxg7+ Kxg7 33. Kf2 Qe8 34. Rg1+ Kh7 35. Qxe8 Rxe8 36. Nf6+ Kh8 37. Nxe8 e4 38. fxe4 fxe4 39. Nxc7 Bg7 40. Ke2 Bd4 41. Rg4 Kh7 42. Nd5 Kh6 43. Rxe4 Kh5 44. Kf3 Kg6 45. Rg4+ Kf5 46. Nxb6 1-0

[Event "CRO-chT U20 30th"]
[Site "Rabac"]
[Date "2021.04.10"]
[Round "9.2"]
[White "Ghersinich, Enrico"]
[Black "Klapac, Patrik"]
[Result "1-0"]
[WhiteElo "2186"]
[BlackElo "1780"]
[PlyCount "67"]
[EventDate "2021.04.06"]
[EventType "team-tourn"]
[EventRounds "11"]
[EventCountry "CRO"]
[SourceTitle "CBM 201 Extra"]
[Source "ChessBase"]
[SourceDate "2021.05.31"]
[SourceVersion "1"]
[SourceVersionDate "2021.05.31"]
[SourceQuality "1"]
[WhiteTeam "Rijeka Liburnija U20"]
[BlackTeam "Oroslavje U20"]
[WhiteTeamCountry "CRO"]
[BlackTeamCountry "CRO"]

1. d4 d5 2. c4 e6 3. Nc3 Nf6 4. cxd5 exd5 5. Bg5 Be7 6. e3 c6 7. Bd3 h6 8. Bh4 0-0 9. Qc2 Be6 10. Nge2 Nbd7 11. f3 Rc8 12. 0-0 c5 13. Nf4 cxd4 14. exd4 Qb6 15. Nxe6 fxe6 16. Bf2 Nh5 17. Rfe1 Bf6 18. Qb3 Bxd4 19. Qxb6 Bxb6 20. Bxb6 Nxb6 21. Bf1 Rf6 22. Nb5 a6 23. Nd6 Rc2 24. Nxb7 Rxb2 25. Nc5 Kf7 26. Nxa6 Nd7 27. Reb1 Rxb1 28. Rxb1 Ke7 29. Rb7 e5 30. g4 Rxa6 31. Bxa6 Nhf6 32. Bb5 Kd6 33. a4 g5 34. a5 1-0

[Event "CRO-chT Div1B qual"]
[Site "Crikvenica"]
[Date "2020.11.21"]
[Round "2.1"]
[White "Prlac, Vedran"]
[Black "Ghersinich, Enrico"]
[Result "1-0"]
[WhiteElo "2134"]
[BlackElo "2202"]
[PlyCount "125"]
[EventDate "2020.11.21"]
[EventType "team-tourn"]
[EventRounds "3"]
[EventCountry "CRO"]
[SourceTitle "EXT 2022"]
[Source "ChessBase"]
[SourceDate "2021.10.06"]
[SourceVersion "1"]
[SourceVersionDate "2021.10.06"]
[SourceQuality "1"]

1. e4 c5 2. Nf3 d6 3. Bb5+ Nd7 4. d4 cxd4 5. Qxd4 a6 6. Bxd7+ Bxd7 7. c4 e5 8. Qd3 Rc8 9. Nc3 h6 10. 0-0 Nf6 11. a4 Be7 12. h3 Be6 13. b3 Nd7 14. Be3 Nc5 15. Bxc5 Rxc5 16. Nd2 0-0 17. Rfd1 g6 18. Nf1 f5 19. Ne3 Rf7 20. Ned5 Bf8 21. Qg3 Kh7 22. f4 fxe4 23. fxe5 Bxd5 24. Nxd5 dxe5 25. Rf1 Rf5 26. Rxf5 gxf5 27. Qxe5 Bg7 28. Qxf5+ Kh8 29. Re1 e3 30. Kh1 b5 31. axb5 axb5 32. Qe4 bxc4 33. bxc4 Qc8 34. Qxe3 Qc6 35. Qe8+ Qxe8 36. Rxe8+ Kh7 37. Re4 Kg6 38. g4 Ra5 39. Kg2 Bf8 40. h4 Bc5 41. Nf4+ Kf7 42. Nd3 Be7 43. h5 Ra2+ 44. Kf3 Bg5 45. Nf4 Ra3+ 46. Ke2 Rc3 47. Nd5 Rc1 48. Kd3 Bd8 49. Kd4 Bh4 50. Kc5 Bf2+ 51. Kb5 Bg1 52. Re7+ Kf8 53. Re4 Kf7 54. Nb4 Kf6 55. Nd3 Rc3 56. Nf4 Rb3+ 57. Kc6 Kg5 58. Ne6+ Kh4 59. c5 Rg3 60. g5+ Kxh5 61. gxh6 Kxh6 62. Nd4 Bf2 63. Nf5+ 1-0

[Event "CRO-chT2 West"]
[Site "Rijeka"]
[Date "2020.10.25"]
[Round "8.1"]
[White "Jurkovic, Ante"]
[Black "Ghersinich, Enrico"]
[Result "1/2-1/2"]
[WhiteElo "2286"]
[BlackElo "2209"]
[PlyCount "87"]
[EventDate "2020.09.12"]
[EventType "team-tourn"]
[EventRounds "9"]
[EventCountry "CRO"]
[SourceTitle "EXT 2022"]
[Source "ChessBase"]
[SourceDate "2021.10.06"]
[SourceVersion "1"]
[SourceVersionDate "2021.10.06"]
[SourceQuality "1"]
[WhiteTeam "Ravna Gora Goranka"]
[BlackTeam "Porec Gortan"]
[WhiteTeamCountry "CRO"]
[BlackTeamCountry "CRO"]

1. e4 c5 2. Nf3 d6 3. Bb5+ Nd7 4. d4 cxd4 5. Qxd4 a6 6. Bxd7+ Bxd7 7. Nc3 e5 8. Qd3 h6 9. Nd2 Rc8 10. Nc4 Qc7 11. Ne3 Nf6 12. 0-0 Be6 13. Bd2 Be7 14. f4 b5 15. Kh1 Bc4 16. Nxc4 Qxc4 17. Rae1 b4 18. Nd5 Nxd5 19. exd5 0-0 20. fxe5 dxe5 21. Rxe5 Bd6 22. Re4 Qxc2 23. Qxc2 Rxc2 24. Bxb4 Bxb4 25. Rxb4 Rd2 26. Rb6 Rd8 27. Rxa6 R8xd5 28. b4 Rf5 29. Kg1 Re5 30. Ra3 Ree2 31. Rg3 Rxa2 32. Rb1 Rab2 33. Rxb2 Rxb2 34. Rg4 f5 35. Rc4 Kh7 36. h3 Kg6 37. Kh2 Kg5 38. Kg3 Rb3+ 39. Kf2 Rb2+ 40. Kf3 Kh5 41. g4+ fxg4+ 42. Rxg4 Rb3+ 43. Kg2 Rb2+ 44. Kf3 1/2-1/2

[Event "CRO-chT2 West"]
[Site "Rijeka"]
[Date "2020.09.13"]
[Round "2.1"]
[White "Jerkovic, Maroje"]
[Black "Ghersinich, Enrico"]
[Result "1-0"]
[WhiteElo "2161"]
[BlackElo "2209"]
[PlyCount "71"]
[EventDate "2020.09.12"]
[EventType "team-tourn"]
[EventRounds "9"]
[EventCountry "CRO"]
[SourceTitle "EXT 2022"]
[Source "ChessBase"]
[SourceDate "2021.10.06"]
[SourceVersion "1"]
[SourceVersionDate "2021.10.06"]
[SourceQuality "1"]
[WhiteTeam "Drazice Rjecina"]
[BlackTeam "Porec Gortan"]
[WhiteTeamCountry "CRO"]
[BlackTeamCountry "CRO"]

1. f4 e5 2. e4 exf4 3. Nf3 Nf6 4. Nc3 d6 5. d4 Nh5 6. Nd5 g5 7. Nxg5 Qxg5 8. Qxh5 Qxh5 9. Nf6+ Kd8 10. Nxh5 Bg4 11. Nxf4 Bg7 12. Be2 Bxe2 13. Nxe2 Re8 14. 0-0 f6 15. Ng3 Nd7 16. Bd2 c6 17. Rf5 Kc7 18. Rh5 Rh8 19. Bh6 Bxh6 20. Rxh6 Rae8 21. Rf1 Re7 22. Rf4 Rhe8 23. Kf2 d5 24. Kf3 b6 25. Rfh4 dxe4+ 26. Rxe4 c5 27. d5 Ne5+ 28. Kf2 Rf7 29. Reh4 Rh8 30. Ne4 c4 31. Ke3 Nd7 32. Kd4 b5 33. a4 bxa4 34. Kxc4 Kb6 35. Kd4 Kb5 36. Nd6+ 1-0

[Event "Palmanova op 8th"]
[Site "Palmanova"]
[Date "2019.12.08"]
[Round "5"]
[White "Ghersinich, Enrico"]
[Black "Margl, Roland"]
[Result "0-1"]
[WhiteElo "2157"]
[BlackElo "2249"]
[PlyCount "96"]
[EventDate "2019.12.06"]
[EventType "swiss"]
[EventRounds "5"]
[EventCountry "ITA"]
[SourceTitle "CBM 193 Extra"]
[Source "ChessBase"]
[SourceDate "2020.01.31"]
[SourceVersion "1"]
[SourceVersionDate "2020.01.31"]
[SourceQuality "1"]

1. d4 d5 2. Bf4 c5 3. e3 cxd4 4. exd4 Nc6 5. c3 Bf5 6. Qb3 Qd7 7. Nf3 e6 8. Bb5 Bd6 9. Ne5 Qc7 10. Qa4 Nge7 11. Bxc6+ bxc6 12. Bg3 0-0 13. Nd2 f6 14. Nef3 e5 15. Nb3 Bc2 16. Qa5 Nf5 17. Qxc7 Bxc7 18. Nc5 Nxg3 19. hxg3 Rfe8 20. Kd2 Bf5 21. Rhe1 a5 22. Re3 a4 23. Rae1 e4 24. Ng1 Reb8 25. Kc1 Bd6 26. Ne2 Ra5 27. f3 Bxc5 28. dxc5 Rab5 29. c4 Rxc5 30. Rc3 exf3 31. gxf3 Re8 32. Kd2 d4 33. Rcc1 Rd8 34. g4 Bg6 35. Nf4 Rb8 36. Nxg6 Rxb2+ 37. Kd3 hxg6 38. Kxd4 Ra5 39. Rb1 a3 40. Kc3 Rxa2 41. Rb8+ Kf7 42. Rb7+ Kf8 43. Rd1 Re2 44. Rdd7 a2 45. Kd3 a1Q 46. Kxe2 Qe5+ 47. Kd3 Ra3+ 48. Kd2 Qe3+ 0-1

[Event "Palmanova op 8th"]
[Site "Palmanova"]
[Date "2019.12.08"]
[Round "4"]
[White "Trussevich, Sergey"]
[Black "Ghersinich, Enrico"]
[Result "0-1"]
[WhiteElo "2280"]
[BlackElo "2157"]
[PlyCount "76"]
[EventDate "2019.12.06"]
[EventType "swiss"]
[EventRounds "5"]
[EventCountry "ITA"]
[SourceTitle "CBM 193 Extra"]
[Source "ChessBase"]
[SourceDate "2020.01.31"]
[SourceVersion "1"]
[SourceVersionDate "2020.01.31"]
[SourceQuality "1"]

1. Nf3 d5 2. e3 Nf6 3. b3 g6 4. Bb2 Bg7 5. Be2 0-0 6. 0-0 b6 7. c4 Bb7 8. cxd5 Bxd5 9. Qc2 c5 10. d3 Nbd7 11. Nbd2 Qc7 12. h3 Rfe8 13. Rac1 Qb7 14. Qb1 Rad8 15. a3 Bh6 16. b4 Qa8 17. Qa1 Bb7 18. e4 Nh5 19. g3 Qb8 20. Kh2 Be3 21. Kg2 Bxf2 22. Rxf2 Qxg3+ 23. Kf1 Nf4 24. Ng1 Ba6 25. Nc4 Nxe2 26. Kxe2 Ne5 27. Nxe5 Rxd3 28. Nc4 Rd2+ 29. Kxd2 Qxf2+ 30. Kc3 Qg3+ 31. Kc2 Bxc4 32. Bc3 Qg2+ 33. Bd2 Qxe4+ 34. Kc3 Qd3+ 35. Kb2 Qe4 36. Bc3 Rd8 37. Qb1 Be6 38. Ka1 Qc4 0-1

[Event "Palmanova op 8th"]
[Site "Palmanova"]
[Date "2019.12.07"]
[Round "3"]
[White "Zamengo, Fulvio"]
[Black "Ghersinich, Enrico"]
[Result "1-0"]
[WhiteElo "2357"]
[BlackElo "2157"]
[PlyCount "65"]
[EventDate "2019.12.06"]
[EventType "swiss"]
[EventRounds "5"]
[EventCountry "ITA"]
[SourceTitle "CBM 193 Extra"]
[Source "ChessBase"]
[SourceDate "2020.01.31"]
[SourceVersion "1"]
[SourceVersionDate "2020.01.31"]
[SourceQuality "1"]

1. e4 c5 2. Nf3 d6 3. d4 cxd4 4. Nxd4 Nf6 5. Nc3 g6 6. Be3 Bg7 7. f3 0-0 8. Qd2 Nc6 9. 0-0-0 d5 10. exd5 Nxd5 11. Nxc6 bxc6 12. Bd4 Bxd4 13. Qxd4 Qb6 14. Na4 Qc7 15. Bc4 Rb8 16. b3 Qa5 17. Rhe1 Nb6 18. Re5 Nd5 19. h4 Qb4 20. h5 Qa3+ 21. Nb2 Bf5 22. g4 Bxc2 23. Kxc2 Nb4+ 24. Kc1 Qxa2 25. hxg6 hxg6 26. Rxe7 Qa1+ 27. Kd2 Qa5 28. Rh1 Nd5+ 29. Ke2 f6 30. g5 Rf7 31. Rxf7 Re8+ 32. Kf2 Qb6 33. Qxb6 1-0